000 01081nab a2200277u 4500
001 21269
003 HDC
007 c| |||a|c|aaaa
008 210305b20110427my ||||o |||| 00| 0 eng d
040 _aHDC
245 0 _aMalaysia: CCM eyes global halal domination
260 _a[No place] :
_b[publisher not identified],
_c2011
336 _atext
_2rdacontent
337 _acomputer
_2rdamedia
338 _aonline resource
_2rdacarrier
650 _aglobal halal domination
_916619
650 _aHalal Industry Development Corporation (HDC)
_94944
650 _ahalal industry
_9144
650 _aPharmaceuticals
_zMalaysia
_916618
710 _aHalal Focus
856 _zRequest full-text at [email protected]
856 _zRequest full-text at [email protected]
942 _2lcc
942 _cNEWS
942 _kNWS0 004916
999 _c18585
_d18585